Lži se mnou /

Psychologický thriller o jedné velké tragédii, ve kterou se zvrtne dovolená v Řecku. A vše přitom začalo jen malým zalháním.

Hlavní autor: Durrant, Sabine
Další autoři: Žlábková, Jana, 1957-
Jazyk: Čeština
Vydáno: Praha : Mladá fronta, 2019
Vydání: První vydání
Témata:
Fyzický popis: 333 stran ; 23 cm
Knihy
Uloženo v:
LEADER 02291nam a2200469 i 4500
001 nkc20193082585
003 CZ PrNK
005 20190729090215.0
007 ta
008 190313s2019 xr e 000 f cze
015 |a cnb003082585 
020 |a 978-80-204-4560-5  |q (vázáno) 
035 |a (OCoLC)1107833934 
040 |a ABG001  |b cze  |e rda 
041 1 |a cze  |h eng 
072 7 |a 821.111-3  |x Anglická próza, anglicky psaná  |2 Konspekt  |9 25 
080 |a 821.111-31  |2 MRF 
080 |a (0:82-311.1)  |2 MRF 
080 |a (0:82-312.4)  |2 MRF 
100 1 |a Durrant, Sabine  |7 xx0066941  |4 aut 
240 1 0 |a Lie with me.  |l Česky 
245 1 0 |a Lži se mnou /  |c Sabine Durrantová ; přeložila Jana Žlábková 
250 |a První vydání 
264 1 |a Praha :  |b Mladá fronta,  |c 2019 
300 |a 333 stran ;  |c 23 cm 
336 |a text  |b txt  |2 rdacontent 
337 |a bez média  |b n  |2 rdamedia 
338 |a svazek  |b nc  |2 rdacarrier 
500 |a Přeloženo z angličtiny 
520 2 |a Psychologický thriller o jedné velké tragédii, ve kterou se zvrtne dovolená v Řecku. A vše přitom začalo jen malým zalháním.  |b Životní outsider a neúspěšný spisovatel Paul Moriss potká ve svém oblíbeném antikvariátu Andrewa, dávného známého z dob studií. Aby Paul na vlivného muže zapůsobil, tak si svůj život trošku přikrášlí. A zřejmě úspěšně. Andrew Paula pozve mezi své přátele, seznámí ho s rodinou a představí mu také svoji dobrou přítelkyni Alici. S ní Paul záhy naváže milostný vztah. Když celá společnost i s Paulem odjede na dovolenou v Řecku, zdá se být vše dokonalé. Jen kdyby celá idyla nebyla postavená na lžích. Na odhalení pravdy už je však, bohužel, pozdě. 
655 7 |a anglické romány  |7 fd131814  |2 czenas 
655 7 |a psychologické romány  |7 fd278579  |2 czenas 
655 7 |a thrillery (romány)  |7 fd184206  |2 czenas 
655 9 |a English fiction  |2 eczenas 
655 9 |a psychological novels  |2 eczenas 
655 9 |a thrillers (novels)  |2 eczenas 
700 1 |a Žlábková, Jana,  |d 1957-  |7 jn20001227064  |4 trl 
910 2 |a BOA001  |b 2-1431.725 
920 |a 4467554  |z ABG001 
990 |a BK 
995 |a 01 
996 6 |b 2610789941  |c 2-1431.725  |l MZK  |r Sklad / do 1 hodiny  |n 0  |p p.v.  |w 001744361  |u 000010  |a 1  |e BOA001  |j MZK50  |s P